SIDNEY SHELDON’S AFTER THE DARKNESS (Record no. 17169)

MARC details
000 -LEADER
fixed length control field 00338nam a2200133Ia 4500
008 - FIXED-LENGTH DATA ELEMENTS--GENERAL INFORMATION
fixed length control field 240624s9999 xx 000 0 und d
041 ## - LANGUAGE CODE
Language code of text/sound track or separate title eng
082 ## - DEWEY DECIMAL CLASSIFICATION NUMBER
Classification number 823 BAG
100 ## - MAIN ENTRY--PERSONAL NAME
Personal name SHELDON SIDNEY
245 ## - TITLE STATEMENT
Title SIDNEY SHELDON’S AFTER THE DARKNESS
260 ## - PUBLICATION, DISTRIBUTION, ETC.
Date of publication, distribution, etc. 2010
Place of publication, distribution, etc. New Delhi
Name of publisher, distributor, etc. HarperCollins Publishers
300 ## - PHYSICAL DESCRIPTION
Extent 391 : p.
365 ## - TRADE PRICE
Currency code RS
Holdings
Withdrawn status Lost status Source of classification or shelving scheme Damaged status Not for loan Home library Current library Shelving location Date acquired Source of acquisition Cost, normal purchase price Full call number Barcode Date last seen Copy number Price effective from Koha item type
  Missing Dewey Decimal Classification     IMTN IMTN Rack 39-A 06/07/2011 FK 180.00 823 BAG 17169 06/24/2024 1 06/24/2024 Books
Designed & Maintained by: LRC IMT Nagpur Contact: lrc@imtnag.ac.in© 2024. All Rights Reserved.